| 000 | 00659nam a2200181Ia 4500 | ||
|---|---|---|---|
| 008 | 151202s9999||||xx |||||||||||||| ||und|| | ||
| 082 | _bPNVM-74314 | ||
| 100 | _aबनसोडे प्रभा. | ||
| 245 | _aमाझी नर्मदा परिक्रमा. | ||
| 260 | _b"उत्कर्ष प्रकाशन,पुणे 04." | ||
| 260 | _c74314 | ||
| 300 | _a175 | ||
| 600 | _aबनसोडे प्रभा. | ||
| 630 | _aमाझी नर्मदा परिक्रमा. | ||
| 700 | _aबनसोडे प्रभा. | ||
| 730 | _aमाझी नर्मदा परिक्रमा. | ||
| 942 | _cBOOK | ||
| 999 |
_c1340975 _d1340972 |
||